000 00521nam a2200193 a 4500
001 1770285653082
003 YourLibrary
005 20260205153744.0
008 260205s2003##################000#0#eng##
020 _a9780415313926
082 0 4 _a332.41BRE
100 1 _aBresciani-Turroni, Costantino,
_eauthor.
245 1 0 _aThe Economics of Inflation :
260 _bPsychology Press,
_c2003.
300 _a464 pages
650 0 _aBusiness & Economics.
942 _cENGLISH
040 _aYourLibrary
_beng
_cYourLibrary
999 _c610494
_d610494